| 000 | 00549nam a2200181Ia 4500 | ||
|---|---|---|---|
| 008 | 220216s9999 xx 000 0 und d | ||
| 100 | _aNair N.N | ||
| 245 | 0 | _aClonal variation in drought tolerance traits of Hevea brasiliensis: Early screening of pipeline clones using physiological parameters | |
| 260 |
_bRubber Science _c2021 |
||
| 300 | _a47-62 | ||
| 650 | _aAbiotic stress tolerance | ||
| 650 | _aDrought | ||
| 650 | _aPhysiological evaluation | ||
| 700 | _aAjitha S.V | ||
| 700 | _aMydin K.K | ||
| 700 | _aSathik M.B.M | ||
| 942 | _cJS | ||
| 999 |
_c55740 _d55740 |
||